League of Legends - Perso / meilleurs win rates - Statistiques

Statistiques générales
  • Ce quiz a été pris 106 fois
  • Le résultat moyen est 4 sur 20
Statistiques - réponses
Hint Réponse % Correct
51,8 % Miss fortune
45%
51,9 % Blitzcrank
39%
52,0 % Janna
32%
52,0 % Nami
30%
51,9 % Amumu
27%
51,8 % Olaf
23%
52,7 % Sona
23%
51,9 % Nasus
22%
52,3 % Singed
22%
52,4 % Heimerdinger
21%
51,7 % Bel'veth
20%
52,2 % Zilean
20%
51,7 % Kled
18%
52,6 % Taric
18%
51,9 % Zyra
18%
51,7 % Shyvana
16%
52,0 % Vex
16%
51,9 % Cassiopeia
15%
52,3 % Fiddlesticks
13%
51,8 % Rek'sai
11%
Aucun quiz correspondant
Distribution des résultats
% des personnes avec chaque résultat
Percentile par nombre de réponses
Votre historique - résultats
Vous n’avez pas pris ce quiz